000 00756nam a22002292 4500
001 0000012802
005 20151217152114.0
008 090320s xx 000 0 eng d
020 _a1412945639 :
040 _aKABU
_cKABU
245 1 0 _aResearch skills for policy and development :
_bhow to find out fast /
_cedited by Alan Thomas and Giles Mohan.
250 _a1st ed.
260 _aLondon :
_bSage,
_c2007.
300 _axi, 363 p.
650 0 _aEconomic development
_xResearch.
_@0000157342
650 0 _aEconomic development projects
_xEvaluation.
_@0000159744
700 1 _aThomas, Alan.
_@0000150094
700 1 _aMohan, Giles.
_@0000161029
852 1 _9p5950 KES
908 _a090320
950 _@1
999 _c8323
_d8323